Καρδιοαναπνευστική δοκιμασία κοπώσεως και προγράμματα καρδιοαναπνευστικής αποκατάστασης / (Record no. 9813)
[ view plain ]
| 000 -LEADER | |
|---|---|
| fixed length control field | 03083nam a22002537a 4500 |
| 003 - ΤΑΥΤΟΤΗΤΑ ΤΟΥ ΑΡΙΘΜΟΥ ΕΛΕΓΧΟΥ | |
| Πεδίο ελέγχου | GR-AtMCL |
| 005 - ΗΜΕΡΟΜΗΝΙΑ ΚΑΙ ΩΡΑ ΤΕΛΕΥΤΑΙΑΣ ΕΝΗΜΕΡΩΣΗΣ | |
| Πεδίο ελέγχου | 20250723121827.0 |
| 006 - FIXED-LENGTH DATA ELEMENTS--ADDITIONAL MATERIAL CHARACTERISTICS | |
| Πεδίο ελέγχου σταθερού μήκους | a|||||r||||||||||| |
| 008 - FIXED-LENGTH DATA ELEMENTS--GENERAL INFORMATION | |
| Πεδίο ελέγχου σταθερού μήκους | 060215s2006||||gr |||g ||| 000 gre # |
| 020 ## - ISBN | |
| ISBN | 9603516457 |
| 040 ## - ΠΗΓΗ ΚΑΤΑΛΟΓΟΓΡΑΦΗΣΗΣ | |
| Φορέας πρωτότυπης καταλογογράφησης | |
| Γλώσσα καταλογογράφησης | Ελληνικά, Μοντέρνα (1453-) |
| Φορέας μεταγραφής | GRAtEVE |
| Modifying agency | MC Athens Campus Library |
| Κανόνες περιγραφικής καταλογογράφησης | AACR2 |
| 100 ## - MAIN ENTRY--PERSONAL NAME | |
| Personal name | Νανάς, Σεραφείμ Ν., |
| Dates associated with a name | 1953- |
| 245 10 - ΤΙΤΛΟΣ ΚΑΙ ΔΗΛΩΣΗ ΥΠΕΥΘΥΝΟΤΗΤΑΣ | |
| Τίτλος | Καρδιοαναπνευστική δοκιμασία κοπώσεως και προγράμματα καρδιοαναπνευστικής αποκατάστασης / |
| Statement of responsibility, etc. | Σεραφείμ Νικ. Νανάς |
| 260 ## - PUBLICATION, DISTRIBUTION, ETC. | |
| Place of publication, distribution, etc. | Αθήνα : |
| Name of publisher, distributor, etc. | Σταμούλης, |
| Date of publication, distribution, etc. | c2006 |
| 300 ## - PHYSICAL DESCRIPTION | |
| Extent | 181σ. ; |
| Διαστάσεις | 21εκ. |
| 504 ## - ΣΗΜΕΙΩΣΗ ΒΙΒΛΙΟΓΡΑΦΙΑΣ κλπ. | |
| Σημείωση βιβλιογραφίας, κλπ. | Βιβλιογραφία: σ. 161-162 |
| 520 ## - SUMMARY, ETC. | |
| Summary, etc. | Τα δεδομένα που λαμβάνονται σε κατάσταση ηρεμίας για ένα μεγάλο αριθμό παραμέτρων είναι πια παραδεκτό ότι έχουν μικρή κλινική σημασία. Η δοκιμασία κοπώσεως -η έντονη δηλαδή άσκηση μικρής διάρκειας μέχρι εξαντλήσεως- αυξάνει την ευαισθησία και ειδικότητα του ηλεκτροκαρδιογραφήματος και από δεκαετίες τώρα χρησιμοποιείται στην κλινική πράξη για τη διάγνωση και αντιμετώπιση της στεφανιαίας νόσου. Παρόμοια, η αξιολόγηση των καρδιοπνευμονικών εξετάσεων κατά την ηρεμία έχει δειχθεί ότι έχει περιορισμένη αξία. Η σύγχρονη ανάπτυξη της τεχνολογίας των συστημάτων μεταβολικών μετρήσεων και της πληροφορικής παρέχουν την δυνατότητα, οικονομικά προσιτών και πολύ φιλικών στο χρήστη εργαλείων, για μια ολοκληρωμένη καρδιοαναπνευστική δοκιμασία κοπώσεως. Έτσι, τα τελευταία είκοσι χρόνια, διεθνώς, έχει ευρεία εφαρμογή η χρήση της καρδιοαναπνευστικής δοκιμασίας κοπώσεως με σαφείς ενδείξεις για τη διάγνωση αλλά και την αντιμετώπιση μεγάλου εύρους καρδιακών και πνευμονικών παθήσεων. Ένα απλό αλλά χαρακτηριστικό παράδειγμα είναι, ο αποφασιστικός ρόλος της καρδιοαναπνευστικής δοκιμασίας κοπώσεως στην απόφαση για μεταμόσχευση καρδιάς. |
| 650 07 - SUBJECT ADDED ENTRY--TOPICAL TERM | |
| Topical term or geographic name entry element | Καρδιοπνευμονική αναζωογόνηση |
| 650 07 - SUBJECT ADDED ENTRY--TOPICAL TERM | |
| Topical term or geographic name entry element | Physiotherapy |
| 650 07 - SUBJECT ADDED ENTRY--TOPICAL TERM | |
| Topical term or geographic name entry element | Επιστημών Υγείας και Αθλητισμού |
| 650 07 - SUBJECT ADDED ENTRY--TOPICAL TERM | |
| Topical term or geographic name entry element | Health and Sport Sciences |
| 942 ## - ADDED ENTRY ELEMENTS (KOHA) | |
| Koha item type | Books |
| Τύπος τεκμηρίου | Βιβλιοθήκη | Τρέχουσα τοποθεσία | Αριθμός εισαγωγής | Ημερομηνία απόκτησης | Ταξιθετικό σύμβολο | Αριθμός αντιτύπου | Κατάσταση απόσυρσης | Κατάσταση χαμένου | Κατάσταση κατεστραμμένου | Μη δανεισμός | Σύνολο δανεισμών | Ημερομηνία τελευταίας εμφάνισης | Η τιμή ισχύει από |
|---|---|---|---|---|---|---|---|---|---|---|---|---|---|
| Books | MC Athens Campus Library | MC Athens Campus Library | 8073 | 23/07/2025 | 616.12075 ΝΑΝ | 1 | 23/07/2025 | 23/07/2025 |